| 000 | 01676nam a2200421 a 4500 | ||
|---|---|---|---|
| 999 |
_c65965 _d65965 |
||
| 003 | BLK | ||
| 005 | 20241030120502.0 | ||
| 008 | 180408b bul|||||r ||||||| ||bul|| | ||
| 010 | _aKNG00070250000 | ||
| 020 | _a954-657-613-1 | ||
| 040 | _aBLK | ||
| 041 |
_aBUL _cBUL |
||
| 080 |
_aИстория на Рим (до 476 г. н. е.). Древен Рим _b94(37) _z94(37) |
||
| 080 |
_aИстория на цивилизацията. История на културата _b930.85 _x(37) _z930.85(37) |
||
| 139 |
_aБосие, Силви _bБ 68 |
||
| 245 | 1 | 0 |
_aРимляните _bБлясъкът на древните цивилизации _cтекст Силви Босие; състав. Емили Бомон; прев. Деметра Куманова Дулева. |
| 257 | _aFRA | ||
| 260 |
_bПАН _c2006 _fСофия : Д. Благоев _aСофия |
||
| 300 |
_a24 с. _bс цв. ил. _c29 см |
||
| 380 | _aDN | ||
| 490 |
_aИлюстрована енциклопедия _9201699 |
||
| 500 | _aОриг. загл. Les Romains | ||
| 650 | 4 |
_aИстория - Древен Рим _9251210 |
|
| 650 | 4 |
_aДревен Рим - култура _9292713 |
|
| 653 | _aДревен Рим | ||
| 653 | _aистория | ||
| 653 | _aкултура | ||
| 700 | 1 |
_aБосие, Силви _eтекст _941979 |
|
| 700 |
_aБомон, Емили _9368530 |
||
| 700 | 1 |
_aДулева, Деметра Куманова _eпрев. _9363390 |
|
| 852 |
_aЦб ІІ 14199 _bЦб |
||
| 856 | 4 | _qpdf | |
| 856 | 4 | _qpdf | |
| 942 |
_cKNG _n0 _04 _s1 |
||
| 944 |
_aCR _c27.12.2006 _k30540 _lСевдалина Тодорова |
||
| 944 |
_aED _c15.04.2013 |
||
| 999 | _d65965 | ||